| 000 | 00613nam a2200241 a 4500 | ||
|---|---|---|---|
| 003 | AR-BaBNM | ||
| 005 | 20251128202720.0 | ||
| 008 | 082120s2002 ||||||||||||||000 | spa|| | ||
| 020 | _a950-513-217-4 | ||
| 040 | _cAR-BaBNM | ||
| 100 | 1 | _aCerrato, Laura | |
| 245 | 0 | 0 |
_aDoce vueltas a la literatura _bensayos |
| 260 |
_aBuenos Aires _bEdiciones Botella al Mar _c1992 |
||
| 300 | _a169 p. | ||
| 650 | 4 | _aLITERATURA ARGENTINA | |
| 650 | 4 | _aLITERATURA INGLESA | |
| 650 | 4 | _aCRITICA LITERARIA | |
| 650 | 4 | _aTEORIA LITERARIA | |
| 650 | 4 | _aESCRITORES | |
| 655 | _aLITERATURA | ||
| 942 | _cBK | ||
| 998 | _cMARTIN | ||
| 999 |
_c217 _d217 |
||